[Event "SVK-chT2A 2223"]
[Site "Slovakia"]
[Date "2023.03.25"]
[Round "10.6"]
[White "Sarmir, Milos"]
[Black "Petrek, Dominik"]
[Result "1-0"]
[WhiteElo "2013"]
[BlackElo "2034"]
[PlyCount "111"]
[EventDate "2022.10.08"]
[EventType "team-tourn"]
[EventRounds "11"]
[EventCountry "SVK"]
[SourceTitle "EXT 2024"]
[Source "ChessBase"]
[SourceDate "2023.10.10"]
[SourceVersion "1"]
[SourceVersionDate "2023.10.10"]
[SourceQuality "1"]
[WhiteTeam "Cifer"]
[BlackTeam "Bratislava Doprastav II"]
[WhiteTeamCountry "SVK"]
[BlackTeamCountry "SVK"]

1. e4 e6 2. d4 d5 3. exd5 exd5 4. Nf3 Bd6 5. Bd3 Ne7 6. 0-0 Nbc6 7. c3 Bg4 8. h3 Bh5 9. Re1 Qd7 10. Nbd2 f6 11. b4 0-0 12. b5 Na5 13. a4 Rae8 14. Qc2 Bg6 15. Ba3 Bxd3 16. Qxd3 Qf5 17. Qxf5 Nxf5 18. Bb4 Nc4 19. Nxc4 dxc4 20. Bxd6 Nxd6 21. Nd2 Kf7 22. f3 Rxe1+ 23. Rxe1 Ra8 24. Rb1 a5 25. Re1 Re8 26. Rxe8 Kxe8 27. Kf2 Ke7 28. d5 b6 29. g4 Nxb5 30. axb5 Kd6 31. Nxc4+ Kxd5 32. Na3 c6 33. bxc6 Kxc6 34. Ke3 Kc5 35. Kd3 b5 36. Nc2 b4 37. cxb4+ axb4 38. Nd4 Kd5 39. f4 g6 40. h4 g5 41. hxg5 fxg5 42. f5 Ke5 43. Nf3+ Kf6 44. Nd2 b3 45. Ne4+ Ke5 46. Ng3 Kf4 47. f6 Kxg3 48. f7 b2 49. Kc2 Kxg4 50. f8Q h5 51. Qb4+ Kg3 52. Qc3+ Kg4 53. Qxb2 h4 54. Kd3 Kg3 55. Qe5+ Kf3 56. Qf5+ 1-0

[Event "SVK-chT3A2 2223"]
[Site "Slovakia"]
[Date "2023.03.19"]
[Round "9.5"]
[White "Sarmir, Milos"]
[Black "Cvirik, Vladimir"]
[Result "1-0"]
[WhiteElo "1994"]
[BlackElo "1794"]
[PlyCount "79"]
[EventDate "2022.10.16"]
[EventType "team-tourn"]
[EventRounds "9"]
[EventCountry "SVK"]
[SourceTitle "EXT 2024"]
[Source "ChessBase"]
[SourceDate "2023.10.10"]
[SourceVersion "1"]
[SourceVersionDate "2023.10.10"]
[SourceQuality "1"]
[WhiteTeam "Cifer II"]
[BlackTeam "Surovce"]
[WhiteTeamCountry "SVK"]
[BlackTeamCountry "SVK"]

1. e4 c5 2. Nf3 Nc6 3. d4 cxd4 4. Nxd4 e6 5. c3 Bc5 6. Be3 Bb6 7. Nd2 Nge7 8. Nc4 Bc7 9. Nb5 0-0 10. Nxc7 Qxc7 11. Qd6 Qxd6 12. Nxd6 f5 13. f3 fxe4 14. fxe4 Ne5 15. 0-0-0 N7c6 16. Be2 Nd8 17. Nxc8 Rxc8 18. Bxa7 Rf4 19. Bb5 Ndc6 20. Bd4 Nxd4 21. Rxd4 d5 22. g3 Rxe4 23. Rxe4 dxe4 24. Re1 Rc5 25. a4 Rxb5 26. axb5 Nd3+ 27. Kd2 Nxe1 28. Kxe1 Kf7 29. Ke2 Kf6 30. Ke3 Ke5 31. c4 g6 32. g4 h5 33. h3 h4 34. b4 g5 35. b6 Kd6 36. Kxe4 e5 37. c5+ Kc6 38. Kxe5 Kb5 39. Kf5 Kxb4 40. c6 1-0

[Event "SVK-chT1W 2223"]
[Site "Slovakia"]
[Date "2023.03.12"]
[Round "11.7"]
[White "Sarmir, Milos"]
[Black "Kincel, Frantisek"]
[Result "0-1"]
[WhiteElo "2024"]
[BlackElo "1769"]
[PlyCount "114"]
[EventDate "2022.10.15"]
[EventType "team-tourn"]
[EventRounds "11"]
[EventCountry "SVK"]
[SourceTitle "EXT 2024"]
[Source "ChessBase"]
[SourceDate "2023.10.10"]
[SourceVersion "1"]
[SourceVersionDate "2023.10.10"]
[SourceQuality "1"]
[WhiteTeam "Gabcikovo MSK"]
[BlackTeam "Trnava Sered"]
[WhiteTeamCountry "SVK"]
[BlackTeamCountry "SVK"]

1. e4 e5 2. Nf3 Nc6 3. Bb5 Nf6 4. d3 Qe7 5. Nc3 a6 6. Ba4 h6 7. 0-0 b5 8. Bb3 Na5 9. d4 exd4 10. Nxd4 Nxb3 11. axb3 Bb7 12. e5 Nh7 13. Bf4 c5 14. Ndxb5 axb5 15. Nxb5 Qd8 16. e6 Rxa1 17. Qxa1 fxe6 18. Qd1 Nf6 19. Re1 Be7 20. Nc7+ Kf7 21. Qd3 Nd5 22. Qg3 Nxf4 23. Qxf4+ Bf6 24. Nb5 Bc6 25. Nd6+ Kg8 26. Qc4 Qf8 27. Qxc5 Be7 28. Rd1 Kh7 29. b4 Qb8 30. c4 Rf8 31. b5 Ba8 32. Qa3 Bh4 33. f3 Be7 34. Qd3+ Kg8 35. Ne4 d5 36. Nc3 dxc4 37. Qxc4 Qb6+ 38. Kh1 Qe3 39. Ne4 Kf7 40. Ng3 Rd8 41. Ra1 Bc5 42. Ne4 Bxe4 43. fxe4 Qd4 44. Rf1+ Ke7 45. Qc1 Bd6 46. Qe1 Be5 47. Qa5 Rb8 48. Qa3+ Bd6 49. Qf3 Qf6 50. Qe2 Qe5 51. g3 Rf8 52. Ra1 Bc5 53. Rc1 Bb6 54. Rc6 Qd4 55. Rc1 Rf2 56. Qg4 Qf6 57. Qd1 Qxb2 0-1

[Event "SVK-chT3A2 2223"]
[Site "Slovakia"]
[Date "2023.02.05"]
[Round "6.4"]
[White "Sarmir, Milos"]
[Black "Londin, Martin"]
[Result "1-0"]
[WhiteElo "1994"]
[BlackElo "1944"]
[PlyCount "33"]
[EventDate "2022.10.16"]
[EventType "team-tourn"]
[EventRounds "9"]
[EventCountry "SVK"]
[SourceTitle "EXT 2024"]
[Source "ChessBase"]
[SourceDate "2023.10.10"]
[SourceVersion "1"]
[SourceVersionDate "2023.10.10"]
[SourceQuality "1"]
[WhiteTeam "Cifer II"]
[BlackTeam "Skalica"]
[WhiteTeamCountry "SVK"]
[BlackTeamCountry "SVK"]

1. e4 b6 2. d4 Bb7 3. Bd3 Nf6 4. Qe2 e6 5. Nf3 c5 6. 0-0 c4 7. Bxc4 Bxe4 8. Nc3 d5 9. Bb5+ Nbd7 10. Nxe4 Nxe4 11. Ne5 Nef6 12. Bg5 Be7 13. Bxf6 gxf6 14. Nxd7 a6 15. Nxf6+ Kf8 16. Nd7+ Ke8 17. Bc6 1-0

[Event "Trnava Reti Memorial op"]
[Site "Trnava"]
[Date "2022.08.13"]
[Round "4"]
[White "Sarmir, Milos"]
[Black "Kosnac, Patrik"]
[Result "0-1"]
[WhiteElo "2029"]
[BlackElo "1919"]
[PlyCount "92"]
[EventDate "2022.08.11"]
[EventType "swiss"]
[EventRounds "7"]
[EventCountry "SVK"]
[SourceTitle "CBM 209 Extra"]
[Source "ChessBase"]
[SourceDate "2022.09.30"]
[SourceVersion "1"]
[SourceVersionDate "2022.09.30"]
[SourceQuality "1"]

1. e4 e6 2. d4 d5 3. exd5 exd5 4. Nf3 Bd6 5. Bd3 Nc6 6. c3 Bg4 7. h3 Bh5 8. 0-0 Nge7 9. Bg5 f6 10. Be3 Qd7 11. Nbd2 Nd8 12. Qc2 Bg6 13. Rfe1 0-0 14. c4 c6 15. Nh4 Bxd3 16. Qxd3 dxc4 17. Qxc4+ Kh8 18. Ne4 Bc7 19. Nc5 Qd5 20. Qc2 b6 21. Nd3 Ne6 22. Nf3 Qd7 23. Rac1 Rac8 24. Qd2 Nd5 25. Nb4 Nxb4 26. Qxb4 Nf4 27. Qc4 Nxh3+ 28. gxh3 Qxh3 29. Qe2 g5 30. Rxc6 g4 31. Ne5 fxe5 32. Rh6 Qf3 33. dxe5 Bxe5 34. Qb5 Bg7 35. Rh2 Rc2 36. Qh5 Qf5 37. Qh4 Bf6 38. Qh6 Be5 39. Rh5 Bg7 40. Rxf5 Bxh6 41. Bxh6 Rg8 42. Re7 g3 43. Be3 gxf2+ 44. Kh1 Rg1+ 45. Kh2 f1Q+ 46. Bf2 Rxf2+ 0-1

[Event "SVK-chT2A 2122"]
[Site "Slovakia"]
[Date "2022.03.26"]
[Round "8.5"]
[White "Kosnac, Patrik"]
[Black "Sarmir, Milos"]
[Result "0-1"]
[WhiteElo "1892"]
[BlackElo "2046"]
[PlyCount "84"]
[EventDate "2021.10.16"]
[EventType "team-tourn"]
[EventRounds "11"]
[EventCountry "SVK"]
[SourceTitle "EXT 2023"]
[Source "ChessBase"]
[SourceDate "2022.10.05"]
[SourceVersion "1"]
[SourceVersionDate "2022.10.05"]
[SourceQuality "1"]
[WhiteTeam "Pezinok"]
[BlackTeam "Cífer"]
[WhiteTeamCountry "SVK"]
[BlackTeamCountry "SVK"]

1. d4 Nf6 2. Nf3 d5 3. c4 c6 4. Nc3 e6 5. e3 Be7 6. Bd3 dxc4 7. Bxc4 0-0 8. 0-0 Nbd7 9. Re1 b6 10. e4 Bb7 11. Bg5 h6 12. Bh4 Nh5 13. Bxe7 Qxe7 14. e5 Rfd8 15. Ne4 Nf4 16. Nd6 Rab8 17. Qd2 Ng6 18. Nxb7 Rxb7 19. Bd3 Ndf8 20. Be4 Rc7 21. Rad1 c5 22. Qe3 cxd4 23. Rxd4 Rxd4 24. Qxd4 Qc5 25. Qxc5 Rxc5 26. g3 Nd7 27. Bxg6 fxg6 28. Re2 g5 29. g4 Kf7 30. Kg2 Ke7 31. Kg3 Rd5 32. b4 Rd3 33. Re3 Rd5 34. Rc3 a5 35. a3 axb4 36. axb4 Nxe5 37. Nxe5 Rxe5 38. Rc7+ Kf6 39. Rc4 b5 40. Rd4 Rd5 41. Re4 e5 42. f3 Rd4 0-1

[Event "SVK-chT2A 2122"]
[Site "Slovakia"]
[Date "2021.11.13"]
[Round "3.7"]
[White "Mydlarik, Martin"]
[Black "Sarmir, Milos"]
[Result "0-1"]
[WhiteElo "2063"]
[BlackElo "2036"]
[PlyCount "92"]
[EventDate "2021.10.16"]
[EventType "team-tourn"]
[EventRounds "11"]
[EventCountry "SVK"]
[SourceTitle "EXT 2023"]
[Source "ChessBase"]
[SourceDate "2022.10.05"]
[SourceVersion "1"]
[SourceVersionDate "2022.10.05"]
[SourceQuality "1"]
[WhiteTeam "Modra II"]
[BlackTeam "Cífer"]
[WhiteTeamCountry "SVK"]
[BlackTeamCountry "SVK"]

1. d4 Nf6 2. c4 c6 3. Nf3 d5 4. e3 e6 5. Nc3 Bd6 6. Ne5 0-0 7. f4 Nbd7 8. c5 Be7 9. Bd3 Nxe5 10. fxe5 Nd7 11. 0-0 f5 12. b4 b6 13. Rb1 a5 14. a3 axb4 15. axb4 bxc5 16. bxc5 Qc7 17. Qe2 Nxe5 18. dxe5 Bxc5 19. Kh1 Qxe5 20. Nd1 Bd6 21. g3 Qf6 22. Rb6 Bd7 23. Bb2 Qd8 24. Ra6 Qc7 25. Rf4 Rxa6 26. Bxa6 c5 27. Bb5 Bxf4 28. Bxd7 Qxd7 29. gxf4 d4 30. exd4 cxd4 31. Kg2 Rb8 32. Qe5 Rb5 33. Qe2 Qc6+ 34. Kf2 Qb6 35. Kf1 h6 36. Qc4 Rb4 37. Qe2 Qc6 38. Qg2 Qc4+ 39. Ke1 Rb5 40. Qe2 Qd5 41. Nf2 Rb3 42. Nd1 d3 43. Qe5 Qh1+ 44. Kd2 Qg2+ 45. Ke3 Qe2+ 46. Kd4 Rxb2 0-1

[Event "SVK-chT2A 2122"]
[Site "Slovakia"]
[Date "2021.10.16"]
[Round "1.7"]
[White "Sarmir, Milos"]
[Black "Compel, Daniel"]
[Result "1-0"]
[WhiteElo "2036"]
[BlackElo "1863"]
[PlyCount "87"]
[EventDate "2021.10.16"]
[EventType "team-tourn"]
[EventRounds "11"]
[EventCountry "SVK"]
[SourceTitle "EXT 2023"]
[Source "ChessBase"]
[SourceDate "2022.10.05"]
[SourceVersion "1"]
[SourceVersionDate "2022.10.05"]
[SourceQuality "1"]
[WhiteTeam "Cífer"]
[BlackTeam "Bratislava Slovan V"]
[WhiteTeamCountry "SVK"]
[BlackTeamCountry "SVK"]

1. e4 c5 2. Nf3 d6 3. d4 cxd4 4. Nxd4 Nf6 5. Bd3 g6 6. 0-0 Bg7 7. c3 0-0 8. h3 Nbd7 9. Qe2 a6 10. Be3 Nc5 11. Nd2 Nxd3 12. Qxd3 Qc7 13. Rad1 d5 14. exd5 Nxd5 15. N2f3 Nxe3 16. Qxe3 b6 17. Rfe1 e6 18. Ne5 Bb7 19. Ndf3 Rad8 20. Rd2 Rxd2 21. Nxd2 Rd8 22. Ndf3 b5 23. Ng4 Bxf3 24. Qxf3 h5 25. Nf6+ Bxf6 26. Qxf6 Rd2 27. g3 Qd7 28. Qf3 Rxb2 29. Rd1 Qe7 30. Rd4 Rxa2 31. c4 Ra4 32. Qa8+ Kg7 33. Rd8 Rxc4 34. Rg8+ Kf6 35. Qf3+ Ke5 36. Rg7 Qf6 37. Qe3+ Kd6 38. Rg8 Rc6 39. Qa7 Qc3 40. Rd8+ Ke5 41. Qxf7 Qe1+ 42. Kh2 g5 43. Qg7+ Kf5 44. Qd4 1-0

[Event "SVK-ch Amateurs"]
[Site "Topolcany"]
[Date "2021.08.08"]
[Round "4"]
[White "Sarmir, Milos"]
[Black "Meszaros, Casey Ryan"]
[Result "1/2-1/2"]
[WhiteElo "2056"]
[BlackElo "1535"]
[PlyCount "128"]
[EventDate "2021.08.06"]
[EventType "swiss"]
[EventRounds "7"]
[EventCountry "SVK"]
[SourceTitle "EXT 2022"]
[Source "ChessBase"]
[SourceDate "2021.10.06"]
[SourceVersion "1"]
[SourceVersionDate "2021.10.06"]
[SourceQuality "1"]

1. e4 e5 2. Nf3 Nc6 3. Bb5 a6 4. Bxc6 dxc6 5. 0-0 Be7 6. Re1 Bg4 7. h3 Bxf3 8. Qxf3 Qd7 9. d3 Nf6 10. Nd2 0-0-0 11. Nc4 Bd6 12. Bg5 Qe6 13. Ne3 h6 14. Bxf6 gxf6 15. Nf5 Rdg8 16. Qe3 Kb8 17. c3 Rg6 18. b4 Rhg8 19. g3 Rg5 20. Qf3 c5 21. Reb1 cxb4 22. cxb4 c5 23. b5 a5 24. h4 R5g6 25. b6 c4 26. Rb5 c3 27. Rd5 Ba3 28. Rxa5 Bb2 29. Qd1 Qxb6 30. Qa4 Qc6 31. Qxc6 bxc6 32. Rb1 Kc7 33. Rc5 Ra8 34. Ne3 Ra3 35. Nc4 Rxa2 36. Nxb2 Rxb2 37. Rc1 c2 38. R1xc2 Rxc2 39. Rxc2 Rg8 40. Kf1 h5 41. Ke2 Kd6 42. Ra2 Rb8 43. Ra7 Rf8 44. Ke3 Ke6 45. f4 f5 46. fxe5 fxe4 47. Kxe4 Rg8 48. Kf3 Kxe5 49. Ra5+ Kd4 50. Rxh5 Kxd3 51. Rc5 Rg6 52. h5 Rh6 53. Kg4 f6 54. Kf4 Kd4 55. Ra5 c5 56. g4 c4 57. Ra8 c3 58. Rd8+ Kc4 59. Ke3 Rh7 60. Rc8+ Kb3 61. Rc6 c2 62. Rb6+ Kc3 63. Rc6+ Kb2 64. Rb6+ Kc3 1/2-1/2

[Event "Skalica Rapid op"]
[Site "Skalica"]
[Date "2020.08.29"]
[Round "2"]
[White "Pacher, Milan"]
[Black "Sarmir, Milos"]
[Result "1-0"]
[WhiteElo "2452"]
[BlackElo "2059"]
[PlyCount "55"]
[EventDate "2020.08.29"]
[EventType "swiss (rapid)"]
[EventRounds "7"]
[EventCountry "SVK"]
[SourceTitle "CBM 198 Extra"]
[Source "ChessBase"]
[SourceDate "2020.11.30"]
[SourceVersion "1"]
[SourceVersionDate "2020.11.30"]
[SourceQuality "1"]

1. d4 Nf6 2. c4 e6 3. Nc3 d5 4. cxd5 exd5 5. Bg5 Be7 6. e3 c6 7. Bd3 Nbd7 8. Nge2 h6 9. Bh4 0-0 10. 0-0 b6 11. Qc2 Bb7 12. Rad1 Rc8 13. Qb1 Nh5 14. Bxe7 Qxe7 15. b4 Kh8 16. b5 c5 17. dxc5 bxc5 18. Bf5 Nb6 19. Bxc8 Rxc8 20. a4 Qg5 21. Ng3 d4 22. exd4 cxd4 23. Nce4 Qg4 24. Rxd4 Nxg3 25. hxg3 f5 26. f3 Qg6 27. Nd6 Rd8 28. Nf7+ 1-0

[Event "SVK-chT2A 1920"]
[Site "Slovakia"]
[Date "2020.03.07"]
[Round "10.6"]
[White "Sarmir, Milos"]
[Black "Gettler, Daniel"]
[Result "1/2-1/2"]
[WhiteElo "2040"]
[BlackElo "2041"]
[PlyCount "88"]
[EventDate "2019.10.26"]
[EventType "team-tourn"]
[EventRounds "11"]
[EventCountry "SVK"]
[SourceTitle "CBM 195 Extra"]
[Source "ChessBase"]
[SourceDate "2020.05.31"]
[SourceVersion "1"]
[SourceVersionDate "2020.05.31"]
[SourceQuality "1"]
[WhiteTeam "Cifer"]
[BlackTeam "Krasnany"]
[WhiteTeamCountry "SVK"]
[BlackTeamCountry "SVK"]

1. e4 c5 2. Nf3 e6 3. d4 a6 4. c4 cxd4 5. Nxd4 Nf6 6. Bd3 Bb4+ 7. Bd2 Nc6 8. Nxc6 Bxd2+ 9. Qxd2 dxc6 10. 0-0 e5 11. Nc3 0-0 12. Rad1 Bg4 13. f3 Qd4+ 14. Kh1 Be6 15. Ne2 Qd6 16. Qc3 Rad8 17. c5 Qc7 18. a3 Rfe8 19. Bc4 h6 20. Bxe6 Rxe6 21. Ng3 g6 22. Qc1 Kg7 23. Rxd8 Qxd8 24. Rd1 Qc7 25. h3 Re7 26. Qc3 h5 27. Rd6 Ne8 28. Qd2 f6 29. Nf1 b6 30. b4 a5 31. g4 hxg4 32. hxg4 axb4 33. axb4 bxc5 34. bxc5 Qb7 35. Rd8 Nc7 36. g5 Ne6 37. gxf6+ Kxf6 38. Rd6 Qb5 39. Qf2 Kf7 40. f4 Nxf4 41. Nd2 Re6 42. Qh4 Rxd6 43. cxd6 Qe2 44. Qh7+ Kf8 1/2-1/2

[Event "Skalica op"]
[Site "Skalica"]
[Date "2020.01.11"]
[Round "2"]
[White "Novomeska, Karin"]
[Black "Sarmir, Milos"]
[Result "0-1"]
[WhiteElo "1331"]
[BlackElo "2060"]
[PlyCount "134"]
[EventDate "2020.01.11"]
[EventType "swiss"]
[EventRounds "9"]
[EventCountry "SVK"]
[SourceTitle "CBM 194 Extra"]
[Source "ChessBase"]
[SourceDate "2020.03.31"]
[SourceVersion "1"]
[SourceVersionDate "2020.03.31"]
[SourceQuality "1"]

1. d4 Nf6 2. c4 e5 3. dxe5 Ng4 4. Nf3 Nc6 5. Nc3 Ngxe5 6. e4 Bb4 7. Bf4 Qe7 8. Nxe5 Nxe5 9. Qd4 d6 10. a3 Bxc3+ 11. Qxc3 0-0 12. Be2 Ng6 13. Qf3 f5 14. Bg3 f4 15. 0-0 fxg3 16. Qxg3 Qxe4 17. Bd3 Qe5 18. Qxe5 Nxe5 19. Be2 Be6 20. b3 Rae8 21. Rac1 Nc6 22. Bf3 Na5 23. b4 Nxc4 24. Bxb7 Re7 25. Ba6 Ne5 26. Rfe1 Bc8 27. Bc4+ Kh8 28. Bb5 Bb7 29. g3 Nf3+ 30. Kf1 Nxh2+ 31. Kg1 Nf3+ 32. Kf1 Rxe1+ 33. Rxe1 Nxe1 34. Kxe1 Rf3 35. a4 Rb3 36. Kd2 Rxb4 37. Kc3 Rxb5 38. axb5 c6 39. Kc4 cxb5+ 40. Kxb5 d5 41. Kc5 a5 42. Kb5 g5 43. Kxa5 d4 44. Kb4 d3 45. Kc3 Ba6 46. Kd2 Kg7 47. Ke3 Kf6 48. Kd2 Ke5 49. Ke3 h5 50. f3 Kd5 51. f4 gxf4+ 52. gxf4 h4 53. Kd2 Ke4 54. f5 Kxf5 55. Ke3 h3 56. Kd2 Ke4 57. Kd1 Ke3 58. Ke1 d2+ 59. Kd1 Be2+ 60. Kc2 d1Q+ 61. Kc3 Qd4+ 62. Kb3 Bd1+ 63. Ka3 Qc3+ 64. Ka2 Bb3+ 65. Ka3 Bc4+ 66. Ka4 Qb3+ 67. Ka5 Qb5# 0-1

[Event "SVK-chT2A 1920"]
[Site "Slovakia"]
[Date "2019.12.15"]
[Round "6.6"]
[White "Pozsar, Peter"]
[Black "Sarmir, Milos"]
[Result "0-1"]
[WhiteElo "1846"]
[BlackElo "2040"]
[PlyCount "86"]
[EventDate "2019.10.26"]
[EventType "team-tourn"]
[EventRounds "11"]
[EventCountry "SVK"]
[SourceTitle "CBM 194 Extra"]
[Source "ChessBase"]
[SourceDate "2020.03.31"]
[SourceVersion "1"]
[SourceVersionDate "2020.03.31"]
[SourceQuality "1"]
[WhiteTeam "Senec"]
[BlackTeam "Cifer"]
[WhiteTeamCountry "SVK"]
[BlackTeamCountry "SVK"]

1. c4 Nf6 2. g3 c6 3. Bg2 d5 4. cxd5 cxd5 5. Nf3 e6 6. 0-0 Bd6 7. d4 0-0 8. Nc3 a6 9. Ne5 Nc6 10. f4 Qc7 11. e3 b5 12. Bd2 Bb7 13. Rc1 Rac8 14. Nd3 Qe7 15. a3 b4 16. axb4 Nxb4 17. Nxb4 Bxb4 18. Qe2 Rc6 19. g4 Qd6 20. g5 Nd7 21. Qh5 g6 22. Qh6 Rfc8 23. Rf3 Qf8 24. Qh3 Nb6 25. Bf1 Bxc3 26. bxc3 Na4 27. Rb1 R8c7 28. e4 dxe4 29. Re3 Qd6 30. Rb4 Nb6 31. Rxe4 Rxc3 32. Bxc3 Bxe4 33. Bd2 a5 34. Rb5 a4 35. Qe3 Bb7 36. Ba5 Rc6 37. Bg2 a3 38. Bxc6 Qxc6 39. Qe2 Qh1+ 40. Kf2 Qxh2+ 41. Ke1 Qg1+ 42. Qf1 Qxf1+ 43. Kxf1 Ba6 0-1

[Event "SVK-chT2A 1920"]
[Site "Slovakia"]
[Date "2019.11.16"]
[Round "3.6"]
[White "Kucharek, Jaroslav"]
[Black "Sarmir, Milos"]
[Result "1-0"]
[WhiteElo "2042"]
[BlackElo "2063"]
[PlyCount "85"]
[EventDate "2019.10.26"]
[EventType "team-tourn"]
[EventRounds "11"]
[EventCountry "SVK"]
[SourceTitle "CBM 193 Extra"]
[Source "ChessBase"]
[SourceDate "2020.01.31"]
[SourceVersion "1"]
[SourceVersionDate "2020.01.31"]
[SourceQuality "1"]
[WhiteTeam "Skalica"]
[BlackTeam "Cifer"]
[WhiteTeamCountry "SVK"]
[BlackTeamCountry "SVK"]

1. c4 Nf6 2. Nc3 g6 3. e4 d6 4. d4 Bg7 5. f3 0-0 6. Bg5 Nbd7 7. Qd2 c5 8. d5 a6 9. a4 Ne8 10. h4 f6 11. Be3 Ne5 12. h5 g5 13. h6 Bh8 14. a5 b6 15. b4 cxb4 16. Na4 bxa5 17. Bb6 Qd7 18. g3 Qb7 19. Bxa5 Rb8 20. Rb1 b3 21. Nb6 Qa7 22. Rxb3 Nd7 23. Nxc8 Rxc8 24. Bh3 Rxc4 25. Be6+ Rf7 26. Ne2 Ne5 27. f4 Ng6 28. Bb6 Qb7 29. Qd3 Ra4 30. 0-0 Nc7 31. Be3 Rb4 32. Rxb4 Qxb4 33. Rb1 Qa5 34. Rb8+ Nf8 35. Kg2 f5 36. Bb6 Qb5 37. Qc2 Ncxe6 38. dxe6 Rf6 39. Nd4 gxf4 40. Nxb5 f3+ 41. Kf2 axb5 42. Bd4 Rxh6 43. Rxf8+ 1-0

[Event "SVK-chT2A 1920"]
[Site "Slovakia"]
[Date "2019.10.27"]
[Round "2.6"]
[White "Pericka, Tomas"]
[Black "Sarmir, Milos"]
[Result "1-0"]
[WhiteElo "1956"]
[BlackElo "2061"]
[PlyCount "39"]
[EventDate "2019.10.26"]
[EventType "team-tourn"]
[EventRounds "11"]
[EventCountry "SVK"]
[SourceTitle "CBM 193 Extra"]
[Source "ChessBase"]
[SourceDate "2020.01.31"]
[SourceVersion "1"]
[SourceVersionDate "2020.01.31"]
[SourceQuality "1"]
[WhiteTeam "Osuske II"]
[BlackTeam "Cifer"]
[WhiteTeamCountry "SVK"]
[BlackTeamCountry "SVK"]

1. e4 e5 2. f4 exf4 3. Nf3 d6 4. Bc4 Be7 5. d4 Nf6 6. Nc3 0-0 7. 0-0 Nxe4 8. Nxe4 d5 9. Bd3 dxe4 10. Bxe4 Nd7 11. Bxf4 Nf6 12. Bd3 Bg4 13. Qe1 Bxf3 14. Rxf3 Qxd4+ 15. Be3 Qd8 16. Rd1 Qe8 17. Qh4 g6 18. Bd4 Qa4 19. b3 Nd7 20. Qxh7+ 1-0

[Event "SVK-chT2A 1920"]
[Site "Slovakia"]
[Date "2019.10.26"]
[Round "1.5"]
[White "Brunovsky, Peter"]
[Black "Sarmir, Milos"]
[Result "1/2-1/2"]
[WhiteElo "1882"]
[BlackElo "2061"]
[PlyCount "161"]
[EventDate "2019.10.26"]
[EventType "team-tourn"]
[EventRounds "11"]
[EventCountry "SVK"]
[SourceTitle "CBM 193 Extra"]
[Source "ChessBase"]
[SourceDate "2020.01.31"]
[SourceVersion "1"]
[SourceVersionDate "2020.01.31"]
[SourceQuality "1"]
[WhiteTeam "Gbely Nafta"]
[BlackTeam "Cifer"]
[WhiteTeamCountry "SVK"]
[BlackTeamCountry "SVK"]

1. c4 c6 2. Nc3 d5 3. d4 Nf6 4. Nf3 e6 5. g3 Bd6 6. Bg2 0-0 7. 0-0 b6 8. Re1 Nbd7 9. e4 Nxe4 10. Nxe4 dxe4 11. Ng5 Nf6 12. Nxe4 Nxe4 13. Bxe4 Bb7 14. Qf3 Qd7 15. c5 Be7 16. Rd1 Rad8 17. Bf4 f5 18. Bc2 Bf6 19. Bd6 Rfe8 20. Rac1 g6 21. Qa3 Ra8 22. Be5 Qg7 23. Qc3 Rad8 24. Bb3 Qe7 25. Qe3 Kg7 26. Kg2 Rd7 27. h3 Red8 28. Kh2 Bc8 29. cxb6 axb6 30. Rxc6 Rb7 31. Rdc1 Bd7 32. Rc7 Rxc7 33. Rxc7 Kf7 34. d5 exd5 35. Bxd5+ Kg7 36. Bxf6+ Kxf6 37. Qxb6+ Kg7 38. Qa7 Kf8 39. Qc5 Qxc5 40. Rxc5 Ke7 41. Ra5 Rc8 42. b4 Rc2 43. Kg2 Rb2 44. a3 Rd2 45. Bf3 Rb2 46. Ra7 Kd6 47. Ra8 Rb3 48. Ra7 g5 49. g4 h6 50. Ra5 fxg4 51. hxg4 Ke7 52. Ra7 Kd6 53. Ra6+ Ke7 54. Rxh6 Rxa3 55. Rg6 Rb3 56. Rg7+ Kd6 57. Rxg5 Rxb4 58. Kg3 Be6 59. Ra5 Ke7 60. g5 Kf7 61. Bh5+ Kf8 62. Re5 Ke7 63. f3 Kd6 64. Ra5 Rd4 65. Bg6 Rb4 66. Be4 Ke7 67. Ra7+ Kf8 68. Kf4 Bd5 69. Kf5 Bxe4+ 70. fxe4 Rb1 71. g6 Rf1+ 72. Ke6 Rg1 73. g7+ Kg8 74. e5 Rg5 75. Re7 Rg6+ 76. Kf5 Rg1 77. Ke6 Rg6+ 78. Kd7 Rg1 79. e6 Rd1+ 80. Ke8 Rd6 81. Rd7 1/2-1/2

[Event "SVK-chT1W 1920"]
[Site "Slovakia"]
[Date "2019.10.12"]
[Round "1.7"]
[White "Privara, Igor"]
[Black "Sarmir, Milos"]
[Result "1-0"]
[WhiteElo "2188"]
[BlackElo "2061"]
[PlyCount "117"]
[EventDate "2019.10.12"]
[EventType "team-tourn"]
[EventRounds "11"]
[EventCountry "SVK"]
[SourceTitle "CBM 193 Extra"]
[Source "ChessBase"]
[SourceDate "2020.01.31"]
[SourceVersion "1"]
[SourceVersionDate "2020.01.31"]
[SourceQuality "1"]
[WhiteTeam "Bratislava Slovan II"]
[BlackTeam "Gabcikovo MSK"]
[WhiteTeamCountry "SVK"]
[BlackTeamCountry "SVK"]

1. e4 e5 2. Nc3 Nf6 3. g3 Nc6 4. Bg2 d6 5. Nge2 Be7 6. 0-0 0-0 7. d4 Bg4 8. f3 Bd7 9. d5 Na5 10. b3 b5 11. a3 c5 12. Be3 Nb7 13. Qd2 a6 14. Nd1 Rc8 15. Nf2 c4 16. b4 Ra8 17. f4 Ng4 18. Nxg4 Bxg4 19. Nc3 Qd7 20. f5 f6 21. h3 Bh5 22. g4 Bf7 23. h4 Kh8 24. Bh3 Rg8 25. Kh2 a5 26. g5 Bh5 27. Ne2 Rgc8 28. c3 Ra6 29. Ng3 Bf7 30. g6 Bg8 31. Qe2 Rca8 32. Rad1 axb4 33. axb4 Ra3 34. Rc1 Qe8 35. Rg1 Ra2 36. Rc2 Rxc2 37. Qxc2 Ra3 38. Rg2 Qa8 39. Nh5 Bf8 40. Qd2 Ra1 41. Qf2 Qa4 42. Nxf6 Qd1 43. Nxh7 Bxh7 44. gxh7 Qh1+ 45. Kg3 Rf1 46. Qe2 Re1 47. Qf3 Be7 48. Bg5 Rd1 49. Rd2 Qe1+ 50. Qf2 Bxg5 51. Qxe1 Bxh4+ 52. Kxh4 Rxe1 53. Ra2 Kxh7 54. Ra7 Rxe4+ 55. Kg5 Re3 56. Bg4 Rxc3 57. Rxb7 Rg3 58. f6 Kg8 59. Rxg7+ 1-0

[Event "SVK-chT3A2 1819"]
[Site "Slovakia"]
[Date "2019.02.24"]
[Round "9.5"]
[White "Sarmir, Milos"]
[Black "Takacs, Zsolt"]
[Result "1-0"]
[WhiteElo "2076"]
[BlackElo "1760"]
[PlyCount "91"]
[EventDate "2018.10.07"]
[EventType "team-tourn"]
[EventRounds "11"]
[EventCountry "SVK"]
[SourceTitle "EXT 2020"]
[Source "ChessBase"]
[SourceDate "2019.10.17"]
[SourceVersion "1"]
[SourceVersionDate "2019.10.17"]
[SourceQuality "1"]
[WhiteTeam "Cifer"]
[BlackTeam "Gbely Nafta II"]
[WhiteTeamCountry "SVK"]
[BlackTeamCountry "SVK"]

1. e4 c5 2. Nf3 Nc6 3. d4 cxd4 4. Nxd4 e5 5. Nb5 d6 6. N1c3 a6 7. Na3 Nf6 8. Bg5 Be7 9. Bxf6 Bxf6 10. Nd5 0-0 11. c3 b5 12. Be2 Bb7 13. 0-0 Bg5 14. Nc2 Ne7 15. Ncb4 Nxd5 16. Nxd5 Bxd5 17. Qxd5 Qc7 18. Rfd1 Rad8 19. a4 Be7 20. axb5 axb5 21. Bxb5 Rb8 22. Ra2 h6 23. Rda1 Qb6 24. Bc4 Kh7 25. b3 Bg5 26. Ra6 Qb7 27. Rxd6 Qxd5 28. Rxd5 Ra8 29. Rxa8 Rxa8 30. g3 Ra1+ 31. Kg2 Rc1 32. Rd3 Kg8 33. h4 Bf6 34. b4 g5 35. Rf3 Kg7 36. hxg5 hxg5 37. b5 g4 38. Rd3 Be7 39. b6 Rb1 40. Rd7 Bc5 41. b7 Rb2 42. Rxf7+ Kg6 43. Bd5 Ba7 44. Kf1 Bc5 45. Ke1 Ba7 46. Kd1 1-0